| 000 | 00745nam a22001935i 4500 | ||
|---|---|---|---|
| 001 | 54333 | ||
| 003 | ES-MaACL | ||
| 005 | 20251011063107.0 | ||
| 007 | t| | ||
| 008 | 960718s1893 it ||||1| ita d | ||
| 040 |
_aCAM _bspa _cCAM |
||
| 100 | 1 |
_aFogazzaro, Antonio, _d1842-1911 _951409 |
|
| 245 | 1 | 2 |
_aL'origine dell'uomo e il sentimento religioso _b: discorso letto in Roma il 2 marzo 1893 alla Societá per l'Istruzione della Donna / _cA. Fogazzaro. |
| 260 |
_aMilano : _bLibreria editrice Galli di C. Chiesa e F. Guindani, _c1893 ( _fTipografia Bernardonu di C. Rebeschini e c.) |
||
| 300 |
_a109 p. ; _c17 cm. |
||
| 710 | 2 |
_aSocietá per l'Istruzione della Donna. _96821 |
|
| 852 |
_aES-MaACL _jF-9224 |
||
| 999 |
_c54333 _d54333 |
||